Loading...
| Religion | 0 | 4 | 1 | 1 | 35 | 68 | 99.00 | 1 | 2 |
| Philosophy | 0 | 4 | 1 | 0 | 35 | 58 | 73.25 | 1 | 3 |
| Literature - British Literature | 0 | 3 | 0 | 0 | 30 | 21 | 44.00 | 2 | 3 |
| Literature - World/Other Literature | 0 | 3 | 1 | 0 | 25 | 65 | 72.67 | 1 | 3 |
| Literature - American Literature | 0 | 3 | 1 | 0 | 25 | 39 | 59.67 | 1 | 3 |
| Fine Arts - Other Fine Arts | 0 | 3 | 2 | 0 | 20 | 53 | 78.00 | 1 | 3 |
| Literature - European Literature | 0 | 2 | 0 | 0 | 20 | 61 | 79.00 | 0 | 2 |
| Social Science | 0 | 1 | 0 | 0 | 10 | 58 | 58.00 | 0 | 1 |
| History - American History | 0 | 1 | 0 | 0 | 10 | 53 | 53.00 | 1 | 1 |
| Mythology | 0 | 1 | 0 | 0 | 10 | 63 | 63.00 | 0 | 1 |
| Other Academic | 0 | 1 | 0 | 1 | 10 | 64 | 64.00 | 0 | 1 |
| Fine Arts - Classical Music | 0 | 1 | 0 | 0 | 10 | 40 | 40.00 | 0 | 1 |